000 00654nam a2200241Ia 4500
003 OSt
005 20220918200626.0
006 a|||||r|||| 00| 0
007 ta
008 220917b |||||||| |||| 00| 0 eng d
024 _a89,601
037 _cTextual
040 _aARTS
_cARTS
_beng
041 _2eng
_aeng
082 _aU54z7, M5
100 _aPepper David ed
_994912
245 0 _aGeography of peace and war
260 _aOxford
_bBasil Blackwell
_c1985
650 _aGEOPOLITICS
_940978
700 _a Jenkins Alan ed
_994913
942 _hU54z7, M5
_cTEXL
_2CC
999 _c213271
_d213271